000 00720nam a2200277Ia 4500
005 20260320195826.0
008 008 262003s9999 xx 000 0 hin d
020 _a9789388753876
037 _aEBOOK
040 _aCRL
040 _bhin
040 _cCRL
041 _2hin
041 _ahin
084 _qCRL
100 _aसंजीव कुमार
_91133232
245 0 _aहिंदी कहानी की इक्कीसवी सदी
250 _a2nd
260 _bRajkamal
260 _c2019
300 _a232
856 _uhttps://ebook.indiaread.in/pdfs/Hindi_Kahani_Ki_Ikkisvin_Sadi_By_Sanjeev_Kumar.pdf
942 _cEBOOK
999 _c1716712
_d1716712